Anuário financeiro dos municípios portugueses (Record no. 45145)

MARC details
000 -Etiqueta do registo
Valores 00770nas a2200217 4500
021 ## - Número do Depósito Legal
Número 228599/05
100 ## - Dados gerais de processamento
Dados gerais 20080411a20059999m y0pory50030103ba
101 0# - Língua de publicação
Língua por
102 ## - País de publicação
País PT
200 1# - Titulo e menção de responsabilidade
Título próprio Anuário financeiro dos municípios portugueses
Informação de outro título 2021
Primeira menção de responsabilidade Maria José da Silva Fernandes ... [et al.]
210 #9 - Publicação
Local de publicação Lisboa
Nome do editor Ordem dos Contabilistas certificados
Data de publicação 2021
215 ## - Descrição física 
Dimensões 24 cm
314 ## - Responsabilidade Intelectual
Texto da nota Maria José da Silva Fernandes , Pedro Jorge Sobral Camões , Susana Jorge
675 ## - CDU
Notação 338(469.112)(05)
Edição BN
Língua por
675 ## - CDU
Notação 050.8
Edição BN
Língua por
712 02 - Autor entidade secundário
Nome da entidade Ordem dos Técnicos Oficiais de Contas
801 #0 - Fonte de origem
País PT
Agência BN
Regras de catalogação RPC
856 40 - Localização e acesso electrónico 
URL <a href="https://antigo.occ.pt/pt/a-ordem/publicacoes/anuario-financeiro-dos-municipios-portugueses/">https://antigo.occ.pt/pt/a-ordem/publicacoes/anuario-financeiro-dos-municipios-portugueses/</a>
990 ## - Elementos KOHA
Tipo de documento Jornais e Revistas
Holdings
Aquisição Empréstimo Código de barras Cota Permissão de empréstimo Tipo de documento Nota relativa ao exemplar
Biblioteca Municipal de Redondo Biblioteca Municipal de Redondo 055852 338(469)(05) FER   Jornais e Revistas 2021

Powered by Koha